Children with learning problems and remedial programme in KBSR : some cases in Sekolah Kebangsaan Sungai Rapat, Ipoh, Perak Darul Ridzuan /
محفوظ في:
| المؤلف الرئيسي: | |
|---|---|
| التنسيق: | أطروحة كتاب |
| اللغة: | English |
| منشور في: |
1992.
|
| الموضوعات: | |
| الوسوم: |
إضافة وسم
لا توجد وسوم, كن أول من يضع وسما على هذه التسجيلة!
|
| LEADER | 01367cam a2200313 a 4500 | ||
|---|---|---|---|
| 001 | u328149 | ||
| 003 | SIRSI | ||
| 008 | 930723s1992 my t q00 1 eng m | ||
| 035 | |a ABP-0640 | ||
| 040 | |a UMM | ||
| 043 | |a a-my-pe | ||
| 090 | |a LC4706 |b M4Cho | ||
| 091 | |a Microfiche 14123 | ||
| 100 | 1 | 0 | |a Chow, Fook Meng. |
| 245 | 1 | 0 | |a Children with learning problems and remedial programme in KBSR : some cases in Sekolah Kebangsaan Sungai Rapat, Ipoh, Perak Darul Ridzuan / |c Chow Fook Meng. |
| 260 | |c 1992. | ||
| 300 | |a xiii, 307 leaves ; |c 29 cm. | ||
| 500 | |a Microfiche. Kuala Lumpur : University of Malaya Library, 1999. 4 fiches : negative ; 11 x 15 cm. | ||
| 502 | |a Dissertation (M.Ed.) -- Fakulti Pendidikan, Universiti Malaya, 1993. | ||
| 504 | |a Bibligraphy: leaves 235-248. | ||
| 650 | 0 | |a Learning disabilities |z Malaysia | |
| 650 | 0 | |a Remedial teaching |z Perak |z Ipoh. | |
| 710 | 2 | 0 | |a Universiti Malaya. |b Fakulti Pendidikan. |
| 948 | |a 23/07/1993 |b 30/07/2002 | ||
| 596 | |a 1 8 | ||
| 999 | |a LC4706 M4CHO |w LC |c 1 |i A011285399 |d 5/12/2015 |e 5/12/2015 |l STACKS |m P01UTAMA |n 11 |r Y |s Y |t TESIS |u 9/8/1993 | ||
| 999 | |a LC4706 M4CHO |w LC |c 1 |i A506699854 |l STACKS |m P08PENDIDI |r Y |s Y |t TESIS |u 25/10/1997 | ||
| 999 | |a LC4706 M4CHO |w LC |c 2 |i A506699863 |l STACKS |m P08PENDIDI |r Y |s Y |t TESIS |u 25/10/1997 | ||
| 999 | |a LC4706 M4CHO |w LC |c 3 |i A511075955 |l STACKS |m P08PENDIDI |r Y |s Y |t TESIS |u 9/4/2003 | ||
